000 00299nam a22001337a 4500
008 170210b xxu||||| |||| 00| 0 eng d
020 _a9780130493798
041 _aeng
080 _a61
100 _a4
101 _aSHM
245 _aCULTURAL DIVERSITY HEALTH ILLNESS
_cSPECTOR .E
942 _2udc
_cBK
999 _c5174
_d5174